[Event "Bergamo op"]
[Site "Bergamo"]
[Date "2009.03.14"]
[Round "3"]
[White "Vincenzi, Marco"]
[Black "Zinani, Alessandro"]
[Result "0-1"]
[WhiteElo "2130"]
[BlackElo "2211"]
[PlyCount "88"]
[EventDate "2009.03.13"]
[EventType "swiss"]
[EventRounds "5"]
[EventCountry "ITA"]
[SourceTitle "CBM 129 Extra"]
[Source "ChessBase"]
[SourceDate "2009.05.05"]
[SourceVersion "2"]
[SourceVersionDate "2009.05.20"]
[SourceQuality "1"]

1. e4 e6 2. d4 d5 3. Nc3 Bb4 4. e5 c5 5. a3 Bxc3+ 6. bxc3 Ne7 7. Nf3 Qa5 8. Bd2 Nbc6 9. c4 Qc7 10. cxd5 Nxd5 11. c3 Bd7 12. Bd3 h6 13. Rb1 g5 14. h3 Rg8 15. Be4 Na5 16. Bxd5 exd5 17. Be3 c4 18. Nh2 b6 19. Ng4 Bxg4 20. hxg4 Rg6 21. Qf3 0-0-0 22. Qf5+ Kb7 23. Ke2 Qe7 24. Rh3 Rc8 25. Rbh1 Rcc6 26. Bc1 Ka6 27. Rf3 Rc7 28. Rfh3 Rcc6 29. a4 Rge6 30. Bb2 f6 31. Re3 fxe5 32. dxe5 Nb3 33. g3 d4 34. cxd4 Qb4 35. Bc3 Qxc3 36. Rxc3 Nxd4+ 37. Ke3 Nxf5+ 38. gxf5 Rxe5+ 39. Kd4 Rxf5 40. Rh2 Rfc5 41. f4 gxf4 42. gxf4 Ka5 43. Rhc2 Rf6 44. Ke4 Kxa4 0-1

[Event "Bergamo op"]
[Site "Bergamo"]
[Date "2009.03.13"]
[Round "1"]
[White "Zinani, Alessandro"]
[Black "Rombaldoni, Axel"]
[Result "0-1"]
[WhiteElo "2211"]
[BlackElo "2309"]
[PlyCount "80"]
[EventDate "2009.03.13"]
[EventType "swiss"]
[EventRounds "5"]
[EventCountry "ITA"]
[SourceTitle "CBM 129 Extra"]
[Source "ChessBase"]
[SourceDate "2009.05.05"]
[SourceVersion "2"]
[SourceVersionDate "2009.05.20"]
[SourceQuality "1"]

1. d4 d5 2. Nf3 e6 3. Bg5 f6 4. Bf4 Ne7 5. e3 c5 6. c3 Qb6 7. Qc2 Nbc6 8. Nbd2 cxd4 9. exd4 Ng6 10. Bg3 e5 11. dxe5 fxe5 12. Qb3 Qxb3 13. Nxb3 Bg4 14. Be2 Be7 15. h3 Bf5 16. Bb5 0-0 17. Rd1 Be4 18. Nbd2 Bc2 19. Rc1 Bf5 20. 0-0 e4 21. Bxc6 bxc6 22. Nd4 Bd7 23. b4 c5 24. bxc5 Bxc5 25. Rfd1 Nf4 26. Bxf4 Rxf4 27. Nf1 Raf8 28. Rd2 Be7 29. Ne3 Bg5 30. Ndc2 Be6 31. Rcd1 R4f7 32. Nd4 Rxf2 33. Nxe6 Bxe3 34. Rxf2 Rxf2 35. Kh1 Bd2 36. Kg1 e3 37. Rb1 Bxc3 38. Rb8+ Kf7 39. Ng5+ Kg6 40. Nf3 Rxf3 0-1

[Event "Bratto op-A 28th"]
[Site "Bratto"]
[Date "2008.08.28"]
[Round "7"]
[White "Zinani, Alessandro"]
[Black "Hanly, Steven"]
[Result "1-0"]
[WhiteElo "2240"]
[BlackElo "2020"]
[PlyCount "57"]
[EventDate "2008.08.22"]
[EventType "swiss"]
[EventRounds "9"]
[EventCountry "ITA"]
[SourceTitle "CBM 126 Extra"]
[Source "ChessBase"]
[SourceDate "2008.11.05"]
[SourceVersion "1"]
[SourceVersionDate "2008.11.05"]
[SourceQuality "1"]

1. d4 e6 2. Nf3 Nf6 3. Bg5 d5 4. Nbd2 Be7 5. e3 0-0 6. Bd3 b6 7. Ne5 h6 8. Bh4 Bb7 9. 0-0 c5 10. c3 Nc6 11. f4 Nd7 12. Bxe7 Nxe7 13. Qf3 f5 14. g4 fxg4 15. Qxg4 Nf5 16. Rae1 Nxe5 17. fxe5 Bc8 18. Rf3 c4 19. Bb1 Qh4 20. Qxh4 Nxh4 21. Rxf8+ Kxf8 22. Rf1+ Kg8 23. e4 Bb7 24. exd5 Bxd5 25. Be4 Rf8 26. Bh7+ Kxh7 27. Rxf8 Nf5 28. Kf2 a5 29. Rb8 1-0

[Event "Bratto op-A 28th"]
[Site "Bratto"]
[Date "2008.08.25"]
[Round "4"]
[White "Radice, Luca"]
[Black "Zinani, Alessandro"]
[Result "1/2-1/2"]
[WhiteElo "2098"]
[BlackElo "2240"]
[PlyCount "184"]
[EventDate "2008.08.22"]
[EventType "swiss"]
[EventRounds "9"]
[EventCountry "ITA"]
[SourceTitle "CBM 126 Extra"]
[Source "ChessBase"]
[SourceDate "2008.11.05"]
[SourceVersion "1"]
[SourceVersionDate "2008.11.05"]
[SourceQuality "1"]

1. d4 d5 2. Nf3 Nf6 3. c4 c6 4. e3 e6 5. Nbd2 Nbd7 6. Bd3 Bd6 7. 0-0 0-0 8. e4 dxe4 9. Nxe4 Be7 10. Qe2 Qc7 11. Bg5 Re8 12. Nxf6+ Nxf6 13. Ne5 h6 14. Bf4 Qb6 15. c5 Qd8 16. Rad1 Bf8 17. Bb1 Nd5 18. Qh5 Qe7 19. Bc1 f5 20. Rfe1 Bd7 21. Qg6 Red8 22. Nxd7 Qxd7 23. Bxh6 Re8 24. Bc1 Qf7 25. Qg3 Rad8 26. Bf4 Rd7 27. Be5 Red8 28. Bc2 Be7 29. f4 Bf6 30. Bd6 Be7 31. Be5 Bf6 32. Bb3 Be7 33. a3 Kf8 34. Ba2 Kg8 35. b4 a6 36. Rd3 Bf6 37. Red1 Re8 38. Bd6 Qh5 39. Bxd5 exd5 40. Be5 Bxe5 41. fxe5 Rf7 42. Rf1 Re6 43. Qf2 g6 44. Rh3 Qg5 45. Rg3 Qh6 46. Rf3 Qg5 47. Rf4 Rh7 48. h4 Qe7 49. g4 Rxh4 50. gxf5 Rxf4 51. Qxf4 gxf5 52. Qxf5 Kg7 53. Rf2 Rg6+ 54. Kf1 Qe8 55. Ke2 Qe7 56. Rh2 Qe6 57. Qxe6 Rxe6 58. Kf3 Re7 59. Rh4 Kg6 60. Rf4 Kg5 61. Rg4+ Kf5 62. Rf4+ Kg5 63. Rf6 Rh7 64. Kg3 Rg7 65. a4 Rh7 66. Rd6 Kf5 67. Rf6+ Kg5 68. Rf8 Re7 69. Kf3 Rh7 70. Ke3 Rh3+ 71. Rf3 Rh7 72. Kd3 Kg4 73. Re3 Kf5 74. Kc3 Kf4 75. Rd3 Ke4 76. b5 axb5 77. axb5 cxb5 78. Rd1 Rh2 79. Re1+ Kf5 80. e6 Rh8 81. Re5+ Kf6 82. e7 Re8 83. Kb4 Rxe7 84. Rxe7 Kxe7 85. Kxb5 Kd7 86. Kb6 Kc8 87. c6 bxc6 88. Kxc6 Kd8 89. Kd6 Ke8 90. Kxd5 Kd7 91. Ke5 Ke7 92. d5 Kd7 1/2-1/2

[Event "Milan Crespi op 21st"]
[Site "Milan"]
[Date "2000.12.06"]
[Round "5"]
[White "Foisor, Cristina Adela B"]
[Black "Zinani, Alessandro"]
[Result "1-0"]
[WhiteElo "2386"]
[BlackElo "2201"]
[PlyCount "105"]
[EventDate "2000.12.04"]
[EventType "swiss"]
[EventRounds "5"]
[EventCountry "ITA"]
[SourceTitle "CBM 079 Extra"]
[Source "ChessBase"]
[SourceDate "2001.01.11"]
[SourceVersion "2"]
[SourceVersionDate "2001.01.25"]
[SourceQuality "1"]

1. Nf3 d5 2. g3 Nf6 3. Bg2 g6 4. 0-0 Bg7 5. d4 0-0 6. c4 c6 7. b3 Ne4 8. Bb2 dxc4 9. bxc4 Nd6 10. Qc1 Qa5 11. Nbd2 Qh5 12. a4 Bh3 13. c5 Ne8 14. Nc4 Bxg2 15. Kxg2 Nd7 16. h3 Nc7 17. g4 Qd5 18. e4 Qxe4 19. Re1 Qd5 20. Ne3 Qe4 21. Nf5 gxf5 22. Rxe4 fxe4 23. Nd2 f5 24. gxf5 Rxf5 25. Nxe4 Nd5 26. Ra3 Raf8 27. Rg3 N7f6 28. Nxf6+ R8xf6 29. Qc2 Kf7 30. Bc1 Rxf2+ 31. Qxf2 Rxf2+ 32. Kxf2 Bxd4+ 33. Kf3 Bxc5 34. Bb2 Nf6 35. h4 Bd6 36. Rg5 h6 37. Rg2 e5 38. Bc1 h5 39. Bg5 Ng4 40. a5 Bb4 41. Rb2 c5 42. Bd2 Bxd2 43. Rxd2 Ke6 44. Rb2 b6 45. Rxb6+ Kd5 46. Ra6 e4+ 47. Ke2 c4 48. Rxa7 Kc5 49. Rh7 Kb5 50. Rxh5+ Ka6 51. Rb5 Nh2 52. h5 Nf3 53. Rc5 1-0

[Event "Padova op"]
[Site "Padova"]
[Date "1999.12.12"]
[Round "1"]
[White "Chatalbashev, Boris"]
[Black "Zinani, Alessandro"]
[Result "1-0"]
[WhiteElo "2524"]
[BlackElo "2222"]
[PlyCount "103"]
[EventDate "1999.12.11"]
[EventType "swiss"]
[EventRounds "9"]
[EventCountry "ITA"]
[SourceTitle "CBM 073 Extra"]
[Source "ChessBase"]
[SourceDate "2000.01.11"]
[SourceVersion "1"]
[SourceVersionDate "2000.01.11"]
[SourceQuality "1"]

1. d4 d5 2. c4 dxc4 3. Nf3 Nf6 4. e3 e6 5. Bxc4 c5 6. Qe2 Nc6 7. 0-0 a6 8. dxc5 Bxc5 9. e4 b5 10. Bb3 Qb6 11. Nc3 Nd4 12. Nxd4 Bxd4 13. e5 Nd7 14. Bf4 Bxc3 15. bxc3 Nf8 16. c4 Ng6 17. Be3 Qc7 18. cxb5 0-0 19. b6 Qxe5 20. Rac1 Bb7 21. f4 Qf5 22. Rc5 Qe4 23. Bc2 Qb4 24. Rb1 Qa3 25. Rc7 Rfb8 26. f5 exf5 27. Bb3 Be4 28. Bxf7+ Kh8 29. Rb3 Qd6 30. Bxg6 hxg6 31. Bc5 Qe5 32. Qb2 Qxb2 33. Rxb2 Rb7 34. Rd2 Rab8 35. g3 g5 36. Kf2 Kh7 37. Rdd7 Rxc7 38. bxc7 Rg8 39. Ke3 Bb7 40. Kd4 Ba8 41. Rd8 Bb7 42. Ke5 f4 43. Rxg8 Kxg8 44. Ke6 a5 45. a4 f3 46. Kd7 Kf7 47. c8Q Bxc8+ 48. Kxc8 Ke6 49. Kc7 Kd5 50. Kb6 Kc4 51. g4 g6 52. h3 1-0

[Event "Bled op 20th"]
[Site "Bled"]
[Date "1999.03.26"]
[Round "7"]
[White "Hanko, Pavol"]
[Black "Zinani, Alessandro"]
[Result "1/2-1/2"]
[WhiteElo "2212"]
[BlackElo "2178"]
[PlyCount "132"]
[EventDate "1999.03.20"]
[EventType "swiss"]
[EventRounds "9"]
[EventCountry "SLO"]
[SourceTitle "CBM 069 Extra"]
[Source "ChessBase"]
[SourceDate "1999.05.10"]
[SourceVersion "1"]
[SourceVersionDate "1999.05.10"]
[SourceQuality "1"]

1. d4 Nf6 2. Nf3 g6 3. Bg5 Bg7 4. Nbd2 0-0 5. e4 d6 6. Bc4 c6 7. 0-0 h6 8. Be3 Qc7 9. Bb3 e5 10. dxe5 dxe5 11. h3 Rd8 12. Qe2 Nbd7 13. Nh4 Nf8 14. f4 Be6 15. Bxe6 Nxe6 16. f5 Nf8 17. fxg6 fxg6 18. Rf2 Kh7 19. Raf1 Qe7 20. Qf3 Rd7 21. Nb3 b6 22. Nc1 Qb4 23. Bxh6 Kxh6 24. Qe3+ Kh7 25. Rxf6 Bxf6 26. Rxf6 Qd4 27. Qxd4 Rxd4 28. Nd3 Rxe4 29. Nf3 Kg7 30. Rxc6 Re8 31. Rc7+ Kf6 32. Nf2 Ra4 33. b3 Rf4 34. Ng4+ Kf5 35. Rf7+ Ke6 36. Rxa7 e4 37. Nd4+ Kd6 38. g3 Kd5 39. gxf4 Kxd4 40. Ra4+ Kc3 41. Nf6 Re6 42. Rc4+ Kb2 43. Nxe4 Kxa2 44. Kf2 b5 45. Rd4 Rc6 46. c4 b4 47. Rd3 Ne6 48. Kg3 Ra6 49. Kg4 Ra5 50. Rd5 Ra6 51. Nd2 Rc6 52. f5 gxf5+ 53. Kxf5 Nc5 54. Nf1 Kxb3 55. Ne3 Kc3 56. Rd8 b3 57. Rb8 Re6 58. Kf4 Kd3 59. Rd8+ Kc3 60. Rb8 Nd3+ 61. Kf3 Nb4 62. Nd5+ Nxd5 63. cxd5 Re5 64. Rc8+ Kd2 65. Rb8 Kc2 66. Rc8+ Kd2 1/2-1/2

[Event "Bled op 20th"]
[Site "Bled"]
[Date "1999.03.23"]
[Round "4"]
[White "Machin, Guillaume"]
[Black "Zinani, Alessandro"]
[Result "0-1"]
[WhiteElo "2069"]
[BlackElo "2178"]
[PlyCount "80"]
[EventDate "1999.03.20"]
[EventType "swiss"]
[EventRounds "9"]
[EventCountry "SLO"]
[SourceTitle "CBM 069 Extra"]
[Source "ChessBase"]
[SourceDate "1999.05.10"]
[SourceVersion "1"]
[SourceVersionDate "1999.05.10"]
[SourceQuality "1"]

1. e4 c5 2. Nf3 Nc6 3. d4 cxd4 4. Nxd4 e5 5. Nb5 d6 6. c4 Be7 7. N1c3 a6 8. Na3 f5 9. Bd3 f4 10. Nc2 Nf6 11. Nd5 0-0 12. Nxf6+ Rxf6 13. Be2 Be6 14. b3 Rg6 15. Bh5 Rf6 16. Bg4 Bf7 17. Qe2 Qe8 18. 0-0 h5 19. Bh3 g5 20. f3 Bd8 21. Bb2 Bb6+ 22. Kh1 Rg6 23. Rad1 Rd8 24. Rd2 Be6 25. Bxe6+ Qxe6 26. Qd3 Kh7 27. Qd5 Qe7 28. Bc3 g4 29. b4 Qg7 30. b5 axb5 31. cxb5 Na5 32. Bb4 Rg8 33. Ne1 Rc8 34. fxg4 hxg4 35. Bxa5 Bxa5 36. Rc2 Rxc2 37. Nxc2 Rh6 38. Na3 Bb6 39. h3 gxh3 40. g3 fxg3 0-1

[Event "Bled op 20th"]
[Site "Bled"]
[Date "1999.03.20"]
[Round "1"]
[White "Zinani, Alessandro"]
[Black "Sale, Srdjan"]
[Result "0-1"]
[WhiteElo "2178"]
[BlackElo "2415"]
[PlyCount "70"]
[EventDate "1999.03.20"]
[EventType "swiss"]
[EventRounds "9"]
[EventCountry "SLO"]
[SourceTitle "CBM 069 Extra"]
[Source "ChessBase"]
[SourceDate "1999.05.10"]
[SourceVersion "1"]
[SourceVersionDate "1999.05.10"]
[SourceQuality "1"]

1. d4 g6 2. Nf3 Bg7 3. g3 c5 4. c3 Nf6 5. Bg2 Na6 6. 0-0 0-0 7. Na3 d6 8. Re1 cxd4 9. Nxd4 Nc5 10. e4 Bg4 11. Qc2 Qc8 12. f3 Bh3 13. Be3 Bxg2 14. Qxg2 a6 15. Qd2 Rd8 16. Bg5 Qc7 17. Rad1 b5 18. Nac2 Rac8 19. Nb4 Qb7 20. Qe2 h6 21. Be3 Nfd7 22. Nb3 Na4 23. Bd4 Ne5 24. Nc1 a5 25. Nbd3 Nxd3 26. Rxd3 Bxd4+ 27. Rxd4 Qb6 28. Kg2 b4 29. Nd3 e5 30. Rd5 bxc3 31. b3 Nc5 32. Rc1 Ne6 33. f4 Nc7 34. f5 Nxd5 35. exd5 Qd4 0-1

[Event "Saint Vincent op"]
[Site "Saint Vincent"]
[Date "1999.02.06"]
[Round "1"]
[White "Zinani, Alessandro"]
[Black "Drasko, Milan"]
[Result "0-1"]
[WhiteElo "2178"]
[BlackElo "2505"]
[PlyCount "76"]
[EventDate "1999.02.06"]
[EventType "swiss"]
[EventRounds "9"]
[EventCountry "ITA"]
[SourceTitle "CBM 068 Extra"]
[Source "ChessBase"]
[SourceDate "1999.03.01"]
[SourceVersion "1"]
[SourceVersionDate "1999.03.01"]
[SourceQuality "1"]

1. d4 e6 2. Nf3 Nf6 3. Bg5 c5 4. e3 h6 5. Bh4 Be7 6. Bd3 Qb6 7. Qc1 cxd4 8. exd4 g5 9. Bg3 g4 10. Ne5 Qxd4 11. Nc3 a6 12. 0-0 Nc6 13. Re1 d6 14. Nxc6 bxc6 15. Rd1 Qc5 16. Qd2 e5 17. Bh4 d5 18. Re1 e4 19. Qf4 Ng8 20. Bxe4 Bxh4 21. Bxd5+ Ne7 22. Bxf7+ Kd8 23. Rad1+ Bd7 24. Be6 Ra7 25. Qb8+ Nc8 26. g3 Be7 27. Ne4 Qb5 28. Qf4 Rf8 29. Qxh6 Qxb2 30. Rb1 Qh8 31. Qd2 Qe5 32. Bc4 Nd6 33. Bd3 Kc7 34. Qb4 Rb7 35. Qa3 Rxb1 36. Rxb1 Rb8 37. Rxb8 Kxb8 38. Qb3+ Kc7 0-1

[Event "Padova op"]
[Site "Padova"]
[Date "1999.??.??"]
[Round "6"]
[White "Bracaglia, Carlo"]
[Black "Zinani, Alessandro"]
[Result "1/2-1/2"]
[WhiteElo "2055"]
[BlackElo "2160"]
[PlyCount "102"]
[EventDate "1999.12.11"]
[EventType "swiss"]
[EventRounds "9"]
[EventCountry "ITA"]
[SourceTitle "CBM 073 Extra"]
[Source "ChessBase"]
[SourceDate "2000.01.11"]
[SourceVersion "1"]
[SourceVersionDate "2000.01.11"]
[SourceQuality "1"]

1. e4 e5 2. Nf3 Nf6 3. Nc3 Nc6 4. d4 exd4 5. Nxd4 Bb4 6. Nxc6 bxc6 7. Bd3 0-0 8. 0-0 Re8 9. Re1 d5 10. exd5 Rxe1+ 11. Qxe1 cxd5 12. Bg5 Be6 13. a3 Bd6 14. Qd2 h6 15. Bf4 c6 16. Na4 Qc7 17. Bxd6 Qxd6 18. Qb4 Qc7 19. Qd4 Ng4 20. f4 Re8 21. Re1 Bd7 22. Rxe8+ Bxe8 23. c3 Qe7 24. Bf1 Qe1 25. h3 Ne3 26. Qd3 Bd7 27. Qe2 Qg3 28. Qf2 Qxf2+ 29. Kxf2 Nf5 30. Nc5 Bc8 31. g4 Nd6 32. Ke3 Kf8 33. Kd4 Ke7 34. b4 f6 35. a4 Bd7 36. Bd3 h5 37. Be2 hxg4 38. hxg4 Be8 39. Bd3 g5 40. fxg5 fxg5 41. Ke5 Bd7 42. Nxd7 Kxd7 43. Kd4 Nb7 44. Ba6 Nd6 45. Be2 Ne4 46. Bf3 Nd2 47. Bg2 Kd6 48. Ke3 Nc4+ 49. Kd4 Ne5 50. Bh3 Nc4 51. Bf1 Ne5 1/2-1/2

[Event "Verona op 5th"]
[Site "Verona"]
[Date "1999.??.??"]
[Round "?"]
[White "Ortega, Lexy"]
[Black "Zinani, Alessandro"]
[Result "1-0"]
[WhiteElo "2485"]
[BlackElo "2178"]
[PlyCount "101"]
[EventDate "1999.??.??"]
[EventType "swiss"]
[EventRounds "7"]
[EventCountry "ITA"]
[SourceTitle "EXT 2005"]
[Source "ChessBase"]
[SourceDate "2004.11.15"]
[SourceVersion "1"]
[SourceVersionDate "2004.11.15"]
[SourceQuality "1"]

1. d4 f5 2. Bg5 d5 3. e3 Qd6 4. Nc3 c6 5. Nf3 Nd7 6. a3 e6 7. h3 Qc7 8. g4 Ngf6 9. gxf5 exf5 10. Bd3 Ne4 11. Bf4 Bd6 12. Ne2 0-0 13. Rg1 Kh8 14. Bxd6 Qxd6 15. Nf4 c5 16. dxc5 Nexc5 17. Qd2 Ne5 18. Nxe5 Qxe5 19. Qb4 b6 20. 0-0-0 Bb7 21. Qd4 Qxd4 22. exd4 Ne4 23. f3 Nd6 24. Rde1 Rae8 25. h4 Kg8 26. b3 Bc6 27. a4 Bb7 28. Kd2 Bc6 29. Re6 Rd8 30. Re5 Rde8 31. Rge1 Rxe5 32. dxe5 Nc8 33. Ne6 Rf7 34. Nd8 Rc7 35. Nxc6 Rxc6 36. Bxf5 Ne7 37. Bd3 h6 38. f4 Kf7 39. h5 Ke6 40. Rg1 Kf7 41. Ke3 Rc5 42. Kd4 Nc6+ 43. Ke3 Ne7 44. f5 Rc7 45. Kf4 Rc5 46. Rg2 Rc3 47. Rg1 Rc5 48. c4 Rc7 49. Rd1 Rc5 50. Bf1 Kf8 51. Bg2 1-0

[Event "Padova op"]
[Site "Padova"]
[Date "1999.??.??"]
[Round "4"]
[White "Zinani, Alessandro"]
[Black "Rossi, Giampiero"]
[Result "0-1"]
[WhiteElo "2160"]
[BlackElo "1890"]
[PlyCount "140"]
[EventDate "1999.12.11"]
[EventType "swiss"]
[EventRounds "9"]
[EventCountry "ITA"]
[SourceTitle "CBM 073 Extra"]
[Source "ChessBase"]
[SourceDate "2000.01.11"]
[SourceVersion "1"]
[SourceVersionDate "2000.01.11"]
[SourceQuality "1"]

1. d4 d5 2. Nf3 c6 3. c3 Bf5 4. Nbd2 e6 5. Qb3 Qb6 6. g3 Be7 7. Bg2 Nd7 8. 0-0 h6 9. Ne5 Ngf6 10. Nxd7 Nxd7 11. f3 0-0 12. e4 Bh7 13. Qxb6 axb6 14. Nb3 Nf6 15. Re1 Rfe8 16. Bf4 Bf8 17. a3 Rac8 18. a4 c5 19. e5 Nd7 20. Rac1 Ra8 21. Bf1 Rec8 22. Be3 Nb8 23. Bb5 Nc6 24. Be2 cxd4 25. Bxd4 Be7 26. f4 Bd8 27. Kf2 Bg6 28. Bg4 Kf8 29. h4 Bd3 30. Ke3 Bc4 31. Nd2 Na5 32. Bd1 Ba6 33. b3 Nc6 34. b4 Nxd4 35. cxd4 b5 36. Be2 Rxc1 37. Rxc1 b6 38. axb5 Bb7 39. Bd1 Ke7 40. Kd3 Kd7 41. Rb1 Ra3+ 42. Rb3 Rxb3+ 43. Nxb3 Be7 44. Kc3 g6 45. Nd2 h5 46. Nf3 Ke8 47. Be2 Bc8 48. Ne1 Bb7 49. Ng2 f5 50. exf6 Bxf6 51. Bd3 Kf7 52. Ne1 Bc8 53. Nf3 Bd7 54. Kd2 Be8 55. Ke3 Kg7 56. Ne1 Bf7 57. Nc2 Be7 58. Kd2 Be8 59. Kc3 Bd6 60. Na1 g5 61. hxg5 h4 62. gxh4 Bxf4 63. Nb3 Bg3 64. h5 Bf4 65. Nc5 bxc5 66. bxc5 Bxh5 67. b6 Bxg5 68. Ba6 Bg6 69. b7 Bf4 70. Kb4 Kf6 0-1

[Event "Bassano del Grappa op"]
[Site "Bassano del Grappa"]
[Date "1998.??.??"]
[Round "6"]
[White "Zinani, Alessandro"]
[Black "Solinas, Carlo"]
[Result "1-0"]
[WhiteElo "2145"]
[BlackElo "2160"]
[PlyCount "117"]
[EventDate "1998.??.??"]
[EventType "swiss"]
[EventRounds "6"]
[EventCountry "ITA"]
[SourceTitle "EXT 2000"]
[Source "ChessBase"]
[SourceDate "1999.11.16"]
[SourceVersion "1"]
[SourceVersionDate "1999.11.16"]
[SourceQuality "1"]

1. d4 Nf6 2. Nf3 g6 3. g3 Bg7 4. Bg2 0-0 5. c4 d6 6. Nc3 c6 7. 0-0 Qa5 8. e4 Bg4 9. h3 Bxf3 10. Bxf3 Nfd7 11. Be3 Nb6 12. Qb3 Na6 13. a3 c5 14. d5 Nc7 15. Be2 Bxc3 16. bxc3 Qa4 17. Rab1 Rfb8 18. Qxa4 Nxa4 19. Rb3 a6 20. Rfb1 Ra7 21. Bg4 b5 22. cxb5 Rab7 23. c4 axb5 24. Bd2 b4 25. axb4 cxb4 26. Rxb4 Rxb4 27. Rxb4 Rxb4 28. Bxb4 Na6 29. Ba3 N6c5 30. Bf3 Nd3 31. Be2 Ne1 32. e5 Nc5 33. Bxc5 dxc5 34. f4 Kf8 35. Kf2 Nc2 36. Bd3 Nd4 37. Ke3 Ke8 38. g4 f5 39. Kf2 Kf7 40. Kg3 h6 41. Kf2 Kg7 42. Be2 Kf7 43. Bd1 Ke8 44. Kg3 Kf7 45. gxf5 Nxf5+ 46. Kf2 Nd4 47. Bf3 Nc2 48. Be4 Nd4 49. Kg3 Ne2+ 50. Kg4 Nc3 51. Bf3 Nb1 52. f5 Nd2 53. fxg6+ Kxg6 54. Be2 Kg7 55. Kf5 Nb3 56. Ke6 Kf8 57. Kd7 Na5 58. d6 exd6 59. e6 1-0

[Event "Formia op"]
[Site "Formia"]
[Date "1995.??.??"]
[Round "?"]
[White "Mihic, Vladimir"]
[Black "Zinani, Alessandro"]
[Result "0-1"]
[WhiteElo "2215"]
[BlackElo "2100"]
[PlyCount "116"]
[EventDate "1995.07.??"]
[EventType "swiss"]
[EventRounds "9"]
[EventCountry "ITA"]
[SourceTitle "EXT 1997"]
[Source "ChessBase"]
[SourceDate "1996.11.15"]
[SourceVersion "1"]
[SourceVersionDate "1996.11.15"]
[SourceQuality "1"]

1. e4 c6 2. d4 d5 3. exd5 cxd5 4. c4 e6 5. Nc3 Nf6 6. Nf3 Be7 7. cxd5 exd5 8. Bd3 0-0 9. h3 Nc6 10. 0-0 h6 11. a3 a6 12. Bc2 Bd6 13. Be3 b5 14. Qd3 Be6 15. b4 Rc8 16. Bd2 Bxb4 17. axb4 Nxb4 18. Qe2 Nxc2 19. Rxa6 b4 20. Na4 Bf5 21. Be3 Ne4 22. Ne5 Nxe3 23. Qxe3 Ra8 24. Rxa8 Qxa8 25. Nb2 Qa2 26. Nbd3 Qa4 27. Rb1 f6 28. Nf3 b3 29. Nh4 Bh7 30. Kh2 Re8 31. Nb2 Qa3 32. Nd1 Rb8 33. Rb2 Kh8 34. f4 g5 35. fxg5 hxg5 36. Nf3 Qb4 37. Ne1 Qd6+ 38. Kg1 Qg3 39. Nf3 Bf5 40. Rxb3 Rxb3 41. Qxb3 Bxh3 42. Qa2 g4 43. Nh2 Qe1+ 44. Nf1 Bxg2 45. Qxg2 Qxd1 46. Qh2+ Kg7 47. Qf4 Ng5 48. Kh2 Nf3+ 49. Kg2 Nxd4 50. Ne3 Qe2+ 51. Kh1 Qf3+ 52. Qxf3 Nxf3 53. Nxd5 Kg6 54. Kg2 Kg5 55. Kg3 f5 56. Nf4 Nd4 57. Nd5 Ne6 58. Kf2 f4 0-1